000 00504nam a2200157Ia 4500
001 6615
008 260622s9999 xx 000 0 und d
245 4 _aThe New World Reader: Thinking and Writing about the Global Community/
_cGilbert H. Muller
250 _aSecond edition
260 _aBoston; NY;
_bHoughton Mifflin Company;
_c2008
300 _a530p;
_c23x15cm
546 _aEnglish
650 _aCollege Readers
_99455
650 _aPE1001-3602 English Language- Modern English
_99456
942 _cBK
999 _c6615
_d6615